Kenyataan Dasar Rancangan Malaysia ke Tujuh (Perlaksanaan Dasar dan Program)

Bibliographic Details
Corporate Author: Malaysia . Unit Perancangan Ekonomi . Jabatan Perdana Menteri
Format: Book
Language:Malay
Published: Kuala Lumpur : Unit Perancangan Ekonomi, Jabatan Perdana Menteri 1996
Subjects:

MARC

LEADER 00000cam a2200000 7i4500
001 0000001876
005 20240924.0
008 240329 my may
040 |a INS   |b eng   |e rda 
090 0 0 |a RHC445.5   |b .K46 1996 
245 0 0 |a Kenyataan Dasar Rancangan Malaysia ke Tujuh (Perlaksanaan Dasar dan Program) 
264 1 |a Kuala Lumpur :   |b Unit Perancangan Ekonomi, Jabatan Perdana Menteri   |c 1996 
300 |a vii, 236 pages ;   |c 27 cm. 
336 |a text  |2 rdacontent 
337 |a unmediated  |2 rdamedia 
338 |a volume  |2 rdacarrier 
650 0 |a Economic policy   |z Malaysia 
650 0 |a Planning 
710 2 |a Malaysia .   |b Unit Perancangan Ekonomi .   |b Jabatan Perdana Menteri 
999 |a 0000006664   |b BOOK   |c Reference   |e Default branch